¿Cuánto pesa el género en las políticas económicas? comentario al libro: "Economia del género: el valor simbólico y económico de las mujeres" de María Florez-Estrada /
Se comenta el libro de María Flórez-Estrada "Economía del género: El valor simbólico y económico de las mujeres", donde se señalan los aporte que dicha obra tiene.
Gardado en:
| Autor Principal: | |
|---|---|
| Formato: | Texto |
| Idioma: | Spanish |
| Materias: | |
| Etiquetas: |
Engadir etiqueta
Sen Etiquetas, Sexa o primeiro en etiquetar este rexistro!
|
MARC
| LEADER | 00000 a a2200000 04500 | ||
|---|---|---|---|
| 001 | 40206 | ||
| 003 | cru CIDCACS/IIS | ||
| 005 | 20210616130405.0 | ||
| 008 | 210616b |||||||| |||| 00| 0 spa d | ||
| 040 | |c cru CIDCACS/IIS | ||
| 100 | 1 | |a Blanco Rothe, Lara | |
| 245 | 1 | |a ¿Cuánto pesa el género en las políticas económicas? |b comentario al libro: "Economia del género: el valor simbólico y económico de las mujeres" de María Florez-Estrada / |c Lara Blanco Rothe | |
| 500 | |a El libro se encuentra en la colección del CIDCACS con la clasificación 13.09.02 F634e | ||
| 520 | |a Se comenta el libro de María Flórez-Estrada "Economía del género: El valor simbólico y económico de las mujeres", donde se señalan los aporte que dicha obra tiene. | ||
| 590 | |a RRA/AGOSTO2010 | ||
| 650 | |a RESEÑAS BIBLIOGRAFICAS | ||
| 773 | |g volumen32 (2006), 195-201 | ||
| 773 | 0 | |0 18765 |9 5212 |a Universidad de Costa Rica. |d San José, Costa Rica: Editorial Universidad de Costa Rica, 1974- |o 09549 |t Anuario de Estudios Centroamericanos / |x 03777316 | |
| 942 | |2 ddc |c PP | ||
| 999 | |c 25247 |d 25247 | ||
